Runescape Gods - Statistics

General Stats
  • This quiz has been taken 97 times
  • The average score is 14 of 34
Answer Stats
Hint Answer % Correct
God of Balance Guthix
97%
God of Order and Wisdom Saradomin
97%
God of Chaos Zamorak
94%
God of Justice Armadyl
88%
God of War Bandos
87%
Goddess of the Elves Seren
83%
God of Control Zaros
83%
Elder God: Associated with Time Jas
60%
Elder God: Left on Freneskae alone Mah
51%
Fremennik God. V
44%
Cat the wanders Gielinor. Bob
41%
Mahjarrat who killed the God of Balance. Master of the Shadows. Sliske
40%
Elder God: Associated with Fire/Lava Ful
37%
Elder God: Associated with Ice Wen
37%
Elder God: Associated with Forests Bik
36%
God of Cabbages Brassica Prime
36%
Mindless Beast God, Killed by Vorago Tuska
36%
Goddess of Destruction. Amascut
33%
God of the Dead. Escorts souls to the underworld. Icthlarin
31%
God of the Sun. Head deity of the Desert. Tumeken
27%
Goddess of Resourcefulness and Modesty. Desert God, Crocodile. Crondis
24%
Mahjarrat who gained control of two elder artefacts. Killed by Dragonkin. Lucien
24%
God of Wisdom and Isolation. Desert God, Beetle. Scabaras
24%
Goddess of the Monkeys Marimbo
23%
Ascended to Godhood after the Battle for the Monolith. Azzanadra
22%
Goddess of Fertility and Growth. Desert river named after her. Elidinis
22%
God of Strength and Health. Desert God Het
22%
Goddess of friendship. Desert God. Apmeken
19%
Guardian of the Lost Grove. Solak
13%
Mahjarrat who created the Camel Warriors. Called the God of Camels. Akthanakos
12%
Entity associated with the Undead and Oceans Xau-Tak
12%
"God" created by the Nomad to protect the world from the Gods, Looks like the God of Balance. Gielinor
10%
Had a cult and claimed to be the son of the God of Chaos. Iban
10%
Worshipped by the Order of the Ascension. Ocellus Virius
4%
No matching quizzes found
Score Distribution
Percent of People with Each Score
Percentile by Number Answered
Your Score History
You have not taken this quiz